Statistics for Every UEFA Champions League Finalist Ever

Click here to take the quiz!

General Stats

  • This quiz has been taken 70 times
  • The average score is 36 of 42

Answer Stats

First FinalMost Recent FinalCountryAnswer% Correct
19612015SpainBarcelona
100%
19562018SpainReal Madrid
100%
20212021EnglandManchester City
98%
20202020FranceParis Saint-Germain
98%
19582007ItalyAC Milan
97%
20062006EnglandArsenal
97%
19742020GermanyBayern Munich
97%
19732017ItalyJuventus
97%
19772019EnglandLiverpool
97%
19682011EnglandManchester United
97%
19691996NetherlandsAjax
95%
19671970ScotlandCeltic
95%
20082021EnglandChelsea
95%
19742016SpainAtletico Madrid
94%
19642010ItalyInter Milan
94%
19911993FranceMarseille
94%
19872004PortugalPorto
94%
20192019EnglandTottenham Hotspur
94%
19972013GermanyBorussia Dortmund
92%
19881988NetherlandsPSV Eindhoven
92%
19611990PortugalBenfica
89%
19801983GermanyHamburger SV
88%
20042004FranceMonaco
88%
19841984ItalyRoma
88%
19701970NetherlandsFeyenoord
86%
19791980EnglandNottingham Forest
85%
19861989RomaniaSteaua Bucuresti
85%
20002001SpainValencia
85%
19821982EnglandAston Villa
82%
20022002GermanyBayer Leverkusen
82%
19751975EnglandLeeds United
82%
19911991YugoslaviaRed Star Belgrade
82%
19781978BelgiumClub Brugge
76%
19791979SwedenMalmo FF
74%
19771977GermanyBorussia Monchengladbach
68%
19711971GreecePanathinaikos
68%
19761976FranceSaint-Etienne
65%
19571957ItalyFiorentina
64%
19661966YugoslaviaPartizan
64%
19601960GermanyEintracht Frankfurt
62%
19921992ItalySampdoria
61%
19561959FranceReims
53%

Score Distribution

Percentile by Number Answered

Percent of People with Each Score

Your Score History

You have not taken this quiz